| Tag |
First Indicator |
Second Indicator |
Subfields |
| LEADER |
00000cam a2200000 i 4500 |
| 001 |
in00003490657 |
| 005 |
20151206123306.0 |
| 008 |
131223t20142014tnua b 001 0 eng |
| 010 |
|
|
|a 2013047055
|
| 020 |
|
|
|a 9781621900573 (hardcover)
|
| 020 |
|
|
|a 1621900576 (hardcover)
|
| 035 |
|
|
|a (OCoLC)ocn866803594
|
| 040 |
|
|
|a DLC
|e rda
|c DLC
|d UtOrBLW
|
| 043 |
|
|
|a n-us-ky
|
| 049 |
|
|
|a TXAM
|
| 050 |
0 |
0 |
|a F455
|b .M37 2014
|
| 082 |
0 |
0 |
|a 976.9/03
|2 23
|
| 100 |
1 |
|
|a Matthews, Gary Robert,
|d 1949-
|e author.
|
| 245 |
1 |
0 |
|a More American than southern :
|b Kentucky, slavery, and the war for an American ideology, 1828-1861 /
|c Gary R. Matthews.
|
| 250 |
|
|
|a First edition.
|
| 264 |
|
1 |
|a Knoxville :
|b University of Tennessee Press,
|c [2014]
|
| 264 |
|
4 |
|c ©2014
|
| 300 |
|
|
|a xii, 345 pages ;
|c 24 cm.
|
| 336 |
|
|
|a text
|b txt
|2 rdacontent
|
| 337 |
|
|
|a unmediated
|b n
|2 rdamedia
|
| 338 |
|
|
|a volume
|b nc
|2 rdacarrier
|
| 504 |
|
|
|a Includes bibliographical references and index.
|
| 505 |
0 |
|
|a Class structure -- The paradigm -- Subregional variances -- The Whig era -- The politics of economic development -- Crisis and compromise -- Party realignment -- Cold war -- The labyrinth of sectional politics -- The secession crisis, part I -- The secession crisis, part II -- A hollow concept -- Kentucky unionism -- The end of an era.
|
| 651 |
|
0 |
|a Kentucky
|x Politics and government
|y 1792-1865.
|
| 650 |
|
0 |
|a Slavery
|z Kentucky
|x History
|y 19th century.
|
| 650 |
|
0 |
|a Political culture
|z Kentucky
|x History
|y 19th century.
|
| 651 |
|
0 |
|a Kentucky
|x History
|y 1792-1865.
|
| 650 |
|
0 |
|a Secession
|z Kentucky.
|
| 945 |
|
|
|a PromptCat
|
| 946 |
|
|
|a stk
|
| 947 |
|
|
|a A14840353149
|
| 948 |
|
|
|a cataloged
|b h
|c 2014/10/22
|d c
|e dmitchel
|f 2:00:00 pm
|
| 994 |
|
|
|a 92
|b TXA
|
| 999 |
|
|
|a MARS
|
| 999 |
f |
f |
|s a45411b0-4e53-30ef-86d7-eb05d349225b
|i ba6f2263-b437-3b30-892d-8be7dfa034ae
|t 0
|
| 952 |
f |
f |
|p normal
|a Texas A&M University
|b College Station
|c Sterling C. Evans Library
|d Evans: Library Stacks
|t 0
|e F455 .M37 2014
|h Library of Congress classification
|i unmediated -- volume
|m A14840353149
|
| 998 |
f |
f |
|a F455 .M37 2014
|t 0
|l Evans: Library Stacks
|